120 idiomas europeos con más hablantes - Estadísticas

Estadísticas generales
  • Esta prueba ha sido intentada 181 veces
  • La puntuación promedio es 51 de 121
Estadísticas de respuestas
Hablantes Idioma % Correcto
700 millones Inglés
99%
260 millones Ruso
99%
110 millones Alemán
98%
570 millones Castellano
98%
274 millones Francés
98%
10 millones Catalán
96%
90 millones Italiano
96%
250 millones Portugués
95%
5.4 millones Finés
94%
9.6 millones Sueco
94%
13.4 millones Griego
93%
70,000 Griko
93%
45 millones Ucraniano
93%
3 millones Gallego
92%
5.2 millones Noruego
92%
55 millones Polaco
91%
21 millones Serbocroata
91%
28 millones Neerlandés
90%
13 millones Húngaro
89%
30 millones Rumano
89%
88 millones Turco
89%
10.7 millones Checo
88%
5.5 millones Danés
88%
5.2 millones Eslovaco
87%
2 millones Gaélico irlandés
86%
751,000 Euskera
85%
9 millones Búlgaro
84%
2.5 millones Esloveno
84%
5.4 millones Albanés
82%
100,000 Arbëreshë
82%
1.8 millones Letón
82%
1.1 millones Estonio
81%
3.1 millones Lituano
80%
520,000 Maltés
78%
360,000 Islandés
77%
57,000 Gaélico escocés
73%
250,000 Arumano
72%
710,000 Galés
69%
1.6 millones Escocés
68%
800,000 Occitano
63%
6.4 millones Bielorruso
62%
6.7 millones Armenio
57%
25,000 Aragonés
54%
4.7 millones Siciliano
53%
390,000 Luxemburgués
52%
641,500 Bable
51%
3.7 millones Georgiano
51%
60,000 Romanche
50%
226,000 Bretón
49%
23 millones Azerí
46%
100,000 Gallurés
46%
14 millones Bávaro
41%
2.5 millones Macedonio
41%
3.9 millones Véneto
41%
50,000 Leonés
39%
5.7 millones Napolitano
39%
440,000 Caló
38%
763,700 Romaní balcánico
37%
195,200 Romaní sinte
37%
25,000 Sami septentrional
37%
150,000 Romaní cárpato
36%
170,000 Romaní serbio
36%
538,500 Romaní valaco
36%
1 millón Sardo
34%
155,000 Corso
33%
3.5 millones Lombardo
31%
480,000 Tártaro de Crimea
28%
200,000 Extremeño
27%
470,000 Frisón occidental
26%
500,000 Ligur
25%
66,000 Feroés
24%
700,000 Piamontés
23%
5.2 millones Tártaro
22%
105,000 Normando
21%
1.4 millones Checheno
20%
7.1 millones Alemánico
17%
600,000 Valón
16%
1.7 millones Emiliano-romañolo
15%
41,100 Ladino dolomita
15%
570,000 Osetio
15%
600,000 Friulano
13%
1.5 millones Yidis
13%
140,000 Francoprovenzal
12%
190,000 Abjasio
11%
510,000 Silesio
11%
28,000 Tati
11%
1.8 millones Bajo sajón
10%
623,500 Rusino
10%
1.3 millones Limburgués
8%
36,000 Carelio
7%
1 millón Chuvasio
7%
140,000 Gagaúzo
7%
30,000 Mari occidental
7%
470,000 Mari oriental
7%
700,000 Picardo
7%
4.9 millones Fráncico oriental
6%
220,000 Komi
6%
1.2 millones Baskir
5%
306,000 Ingusetio
5%
108,000 Casubio
4%
28,000 Galó
4%
500,000 Samogitio
4%
576,000 Adigués
3%
344,000 Mingreliano
3%
525,700 Moravo
3%
778,000 Póntico
3%
340,000 Udmurto
3%
87,000 Võro
3%
1 millón Avar
2%
1.6 millones Cabardiano
2%
80,500 Calmuco
2%
490,000 Darguin
2%
36,700 Erzya
2%
152,000 Lak
2%
200,000 Latgaliano
2%
655,000 Lezguiano
2%
100,000 Sasarés
2%
50,000 Abaza
1%
310,000 Karacho-bálkaro
1%
87,000 Nogayo
1%
426,200 Cumuco
0%
No se encontraron pruebas coincidentes
Distribución de puntuación
Porcentaje de gente con cada puntuación
Porcentaje por número respondido
Historial de tus puntuaciones
No has intentado esta prueba.